000
00326nam a2200121Ia 4500
008
231228s1998 xx 000 0 und d
041
_a
eng
082
_a
5.432
_b
STE
100
_a
STEVENS (Richard W)
245
_a
UNIX Network Programming
260
_a
New Delhi
_b
Prentice Hall of India New Delhi
_c
1998
300
_a
xi, 772
999
_c
1081571
_d
1081571